| 000 | 01146nam0a22002651 4500 | ||
|---|---|---|---|
| 001 | rc\2952723 | ||
| 005 | 20250806211415.0 | ||
| 035 | _a(NLR Aleph) 007100201 | ||
| 090 |
_a58416 _c58416 |
||
| 100 | _a20110831d1943 u y0rusy50 ca | ||
| 101 | 0 | _arus | |
| 102 | _aRU | ||
| 105 | _ay z ||||| | ||
| 200 | 1 |
_aК вопросу о сопротивляемости различных тканей кролика к стафилококковой инфекции _eТезисы к диссертации на соискание ученой степени канд. мед. наук _fМ.В. Струков |
|
| 210 |
_aКиров _cБ. и. _d1943 _gОбл. типо-лит. |
||
| 215 |
_a6 с. _d19 см |
||
| 225 | 1 |
_aВоенно-морская медицинская академия _fМед.-сан. упр. ВМФ _vВып. 3 _aСерия 2 |
|
| 700 | 1 |
_aСтруков _bМ.В. _f1904- _gМихаил Васильевич |
|
| 801 | 0 |
_aRU _bNLR _gpsbo |
|
| 801 | 1 |
_aRU _bELAR _2rusmarc |
|
| 852 |
_aNLR _jМд50 Г-4/31(3) |
||
| 942 | _cBOOK | ||
| 945 | _aРоссийская национальная библиотека | ||
| 980 | _aNB | ||
| 980 | _aBV | ||